[Event "Brasilia Marista op IRT"]
[Site "Brasilia"]
[Date "2018.08.26"]
[Round "1.5"]
[White "De Sousa, Felipe Rodrigues"]
[Black "Loricchio, Leticia Figueira"]
[Result "1-0"]
[WhiteElo "1810"]
[BlackElo "1227"]
[PlyCount "117"]
[EventDate "2018.08.26"]
[EventType "swiss"]
[EventRounds "5"]
[EventCountry "BRA"]
[SourceTitle "CBM 186 Extra"]
[Source "ChessBase"]
[SourceDate "2018.08.24"]
[SourceVersion "1"]
[SourceVersionDate "2018.08.24"]
[SourceQuality "1"]

1. d4 d5 2. c4 c6 3. Nc3 Nf6 4. Nf3 dxc4 5. a4 Bf5 6. e3 e6 7. Bxc4 Bb4 8. 0-0 0-0 9. Qe2 Bg4 10. Rd1 Bxc3 11. bxc3 Ne4 12. Qc2 Bxf3 13. gxf3 Qg5+ 14. Kh1 Nf6 15. Rg1 Qh5 16. Be2 Qh4 17. Rg2 Nbd7 18. e4 Qh5 19. Bg5 h6 20. f4 Qg6 21. Bxf6 Qxf6 22. Rag1 g6 23. e5 Qf5 24. Bd3 Qh5 25. f5 exf5 26. Bxf5 Kh8 27. Bxd7 Rg8 28. e6 fxe6 29. Qe4 Rg7 30. Bxe6 Re8 31. Qg4 Qxg4 32. Bxg4 b5 33. Bf3 bxa4 34. Bxc6 Rc8 35. d5 a3 36. Ra1 Rb8 37. Rxa3 Rb1+ 38. Rg1 Rxg1+ 39. Kxg1 g5 40. d6 h5 41. Rb3 Rg8 42. Rb7 g4 43. Re7 Rb8 44. Re8+ Rxe8 45. Bxe8 Kg7 46. d7 Kf6 47. d8Q+ Kf5 48. Qd4 Ke6 49. Bd7+ Ke7 50. Bf5 a5 51. Qd7+ Kf6 52. Qe6+ Kg7 53. Qg6+ Kf8 54. Be6 Ke7 55. Bd5 Kd7 56. Qe6+ Kd8 57. Qf7 Kc8 58. Bc6 Kd8 59. Qd7# 1-0

[Event "Brasilia Terraviva op"]
[Site "Brasilia"]
[Date "2018.01.12"]
[Round "2"]
[White "Feliciano Ebert, Vanessa"]
[Black "De Sousa, Felipe Rodrigues"]
[Result "1/2-1/2"]
[WhiteElo "2188"]
[BlackElo "1849"]
[PlyCount "110"]
[EventDate "2018.01.11"]
[EventType "swiss"]
[EventRounds "7"]
[EventCountry "BRA"]
[SourceTitle "CBM 182 Extra"]
[Source "ChessBase"]
[SourceDate "2018.02.23"]
[SourceVersion "1"]
[SourceVersionDate "2018.02.23"]
[SourceQuality "1"]

1. e4 e6 2. d4 d5 3. Nc3 Nf6 4. e5 Nfd7 5. f4 c5 6. Nf3 Nc6 7. Be3 cxd4 8. Nxd4 Bc5 9. Qd2 0-0 10. 0-0-0 a6 11. Qf2 Bxd4 12. Bxd4 b5 13. Bd3 Nxd4 14. Qxd4 Qb6 15. Ne2 b4 16. Rhf1 a5 17. Rf3 Qxd4 18. Nxd4 Ba6 19. Kd2 Rfc8 20. Ra1 Bxd3 21. cxd3 Rab8 22. Rff1 a4 23. Rfc1 Kf8 24. Rxc8+ Rxc8 25. Rc1 Rxc1 26. Kxc1 Nb8 27. Kc2 Ke7 28. a3 bxa3 29. bxa3 Na6 30. Nb5 Nc5 31. d4 Nb3 32. Kc3 Nc1 33. g3 f6 34. Kb4 g5 35. exf6+ Kxf6 36. fxg5+ Kxg5 37. Kxa4 e5 38. dxe5 Kf5 39. e6 Kxe6 40. Kb4 Nd3+ 41. Kc3 Nc5 42. Kd4 Nb3+ 43. Kc3 Nc5 44. g4 Ke5 45. g5 Na4+ 46. Kb4 Nb6 47. a4 Nc4 48. a5 Nxa5 49. Kxa5 Kf4 50. Nd4 Kxg5 51. Ne2 d4 52. Nxd4 Kg4 53. Kb5 Kh3 54. Kc5 Kxh2 55. Kd5 Kg2 1/2-1/2

[Event "Brasilia Centro Oeste-ch"]
[Site "Brasilia"]
[Date "2017.09.24"]
[Round "5"]
[White "Almeida, Ygor de Souza"]
[Black "De Sousa, Felipe Rodrigues"]
[Result "1/2-1/2"]
[WhiteElo "1659"]
[BlackElo "1867"]
[PlyCount "130"]
[EventDate "2017.09.22"]
[EventType "swiss"]
[EventRounds "6"]
[EventCountry "BRA"]
[SourceTitle "CBM 180 Extra"]
[Source "ChessBase"]
[SourceDate "2017.10.06"]
[SourceVersion "1"]
[SourceVersionDate "2017.10.06"]
[SourceQuality "1"]

1. e4 e6 2. d4 d5 3. Nd2 c5 4. Ngf3 cxd4 5. Nxd4 Nc6 6. Bb5 Bd7 7. N4f3 dxe4 8. Bxc6 Bxc6 9. Ne5 Qd5 10. Nxc6 Qxc6 11. 0-0 Nf6 12. Re1 Be7 13. c3 0-0 14. Qc2 Rfd8 15. Nb3 Rd7 16. Bg5 a5 17. Rad1 a4 18. Nd2 Rad8 19. Rc1 Qb6 20. Re2 Qb5 21. Nxe4 Qf5 22. Nxf6+ Bxf6 23. Qxf5 exf5 24. Bxf6 Rd1+ 25. Re1 Rxc1 26. Rxc1 gxf6 27. Kf1 Rd2 28. Rb1 f4 29. a3 Rc2 30. c4 Rxc4 31. Ke2 Rc2+ 32. Kf3 Kg7 33. b3 Rc3+ 34. Kxf4 Rxb3 35. Ra1 Rb2 36. Kg3 Kg6 37. f3 Rb3 38. Kf4 Rb2 39. Kg3 f5 40. h4 Kh5 41. Kf4 Rxg2 42. Rb1 Ra2 43. Rxb7 Rxa3 44. Rxf7 Kg6 45. Ra7 h6 46. Ra6+ Kh5 47. Rf6 Rb3 48. Kg3 Rb5 49. Ra6 Rb4 50. Ra5 Kg6 51. Ra7 Kh5 52. Ra5 Kg6 53. Ra7 Kf6 54. Ra6+ Kg7 55. h5 Rc4 56. Rg6+ Kh7 57. Rf6 Rc2 58. Ra6 Rc4 59. Ra7+ Kg8 60. Ra5 Rc7 61. Rxa4 Rg7+ 62. Kh4 Rg5 63. Ra7 Rg7 64. Ra8+ Kh7 65. Rf8 Rg5 1/2-1/2

[Event "Brasilia Centro Oeste-ch"]
[Site "Brasilia"]
[Date "2017.09.23"]
[Round "3"]
[White "De Sousa, Felipe Rodrigues"]
[Black "Japiassu, Ricardo de Villa No"]
[Result "0-1"]
[WhiteElo "1867"]
[BlackElo "1971"]
[PlyCount "104"]
[EventDate "2017.09.22"]
[EventType "swiss"]
[EventRounds "6"]
[EventCountry "BRA"]
[SourceTitle "CBM 180 Extra"]
[Source "ChessBase"]
[SourceDate "2017.10.06"]
[SourceVersion "1"]
[SourceVersionDate "2017.10.06"]
[SourceQuality "1"]

1. d4 Nf6 2. c4 c5 3. d5 b5 4. Bf4 d6 5. Qc2 g6 6. e4 Bg7 7. cxb5 0-0 8. Nf3 Nxe4 9. Bd3 Nf6 10. Nc3 Bb7 11. Bc4 a6 12. bxa6 Nxa6 13. 0-0 Qb6 14. Rfe1 Nc7 15. Rad1 Rfe8 16. h3 Ba6 17. Bxa6 Qxa6 18. Re2 Qc4 19. Bg5 h6 20. Bc1 Qa6 21. Nh2 e6 22. dxe6 Nxe6 23. Nf3 Rad8 24. b3 d5 25. Rde1 d4 26. Ne5 d3 27. Nxd3 Qxd3 28. Na4 Qxc2 29. Rxc2 Rc8 30. Ba3 Nd7 31. Rd1 Bd4 32. Bb2 Bxb2 33. Rxd7 Bd4 34. Nb6 Rc7 35. Rd6 Rd8 36. Rxd8+ Nxd8 37. Nd5 Rd7 38. Nb6 Rb7 39. Na4 Ne6 40. Kf1 Kf8 41. g3 Ke7 42. Ke2 Kd6 43. Rd2 Kc6 44. Rc2 Ng5 45. h4 Ne4 46. Rc4 Kd5 47. Rc2 Nxf2 48. Rd2 Ne4 49. Rd1 Nxg3+ 50. Kf3 Ne4 51. Re1 f5 52. Rg1 Bxg1 0-1